<?xml version="1.0" encoding="UTF-8"?>
<marc:record xmlns:marc="http://www.loc.gov/MARC21/slim">
   <marc:leader>00000nam a2200000 a 4500</marc:leader>
   <marc:datafield ind1="1" ind2=" " tag="100">
      <marc:subfield code="a">Mayer-Skumanz,Lene</marc:subfield>
      <marc:subfield code="4">aut</marc:subfield>
      <marc:subfield code="e">Verfasser/-in</marc:subfield>
   </marc:datafield>
   <marc:datafield ind1="1" ind2=" " tag="100">
      <marc:subfield code="a">Singer, Elisabeth</marc:subfield>
      <marc:subfield code="4">aut</marc:subfield>
      <marc:subfield code="e">Verfasser/-in</marc:subfield>
   </marc:datafield>
   <marc:datafield ind1="1" ind2=" " tag="100">
      <marc:subfield code="a">Singer, Elisabeth</marc:subfield>
   </marc:datafield>
   <marc:datafield ind1="1" ind2=" " tag="100">
      <marc:subfield code="a">Mayer-Skumanz, Lene</marc:subfield>
   </marc:datafield>
   <marc:datafield ind1="0" ind2="0" tag="245">
      <marc:subfield code="a">Die wilden Leute</marc:subfield>
   </marc:datafield>
   <marc:datafield ind1="0" ind2="0" tag="245">
      <marc:subfield code="c">Lene Mayer-Skumanz ; Elisabeth Singer</marc:subfield>
   </marc:datafield>
   <marc:datafield ind1=" " ind2="1" tag="264">
      <marc:subfield code="a">Wien</marc:subfield>
      <marc:subfield code="b">Jugend &amp; Volk</marc:subfield>
      <marc:subfield code="c">1994</marc:subfield>
   </marc:datafield>
   <marc:datafield ind1="1" ind2=" " tag="490">
      <marc:subfield code="a">Bilderbuch Jugend &amp; Volk</marc:subfield>
   </marc:datafield>
   <marc:datafield ind1=" " ind2=" " tag="250">
      <marc:subfield code="a">1. Aufl.</marc:subfield>
   </marc:datafield>
   <marc:datafield ind1="1" ind2=" " tag="520">
      <marc:subfield code="a">Hoch oben in den Bergen, im Einklang mit der Natur, leben der Sage nach die letzten wilden Leute. Niemand weiss es genau, bis an einem Weihnachtsabend ein kleines Männlein an der Tür einer Bäuerin erscheint und um Hilfe bei der Geburt seines Kindes bittet. Als Lohn für ihre Güte erhält die Bäuerin Kohle, die sich zu Gold verwandelt, und einen Apfel, nach dessen Genuss man die Stimmen der Tiere verstehen kann. Wie von der bekannten Autorin gewohnt, eine wunderschöne, märchenhafte Weihnachtsgeschichte, stimmungsvoll und subtil illustriert mit Kreidezeichnungen von Elisabeth Singer (wie schon in "Franziskus und seine Gefährten", BA 8/89). - Überall, auch unabhängig von der Weihnachtszeit, empfohlen.</marc:subfield>
   </marc:datafield>
   <marc:datafield ind1=" " ind2=" " tag="020">
      <marc:subfield code="a">3224110961</marc:subfield>
      <marc:subfield code="9">3224110961</marc:subfield>
   </marc:datafield>
   <marc:datafield ind1="0" ind2=" " tag="490">
      <marc:subfield code="v">0</marc:subfield>
   </marc:datafield>
   <marc:datafield ind1=" " ind2=" " tag="300">
      <marc:subfield code="a">[14] Bl. : überw. Ill. (farb.)</marc:subfield>
   </marc:datafield>
</marc:record>
